| 000 -ლიდერი |
| ფიქსირებული სიგრძის საკონტროლო ველი |
01078nam a2200229Ia 4500 |
| 001 - საკონტროლო ნომერი |
| საკონტროლო ველი |
6795 |
| 003 - საკონტროლო ნომრის იდენტიფიკატორი |
| საკონტროლო ველი |
GE_BSU |
| 005 - ბოლო ოპერაციის თარიღი და დრო |
| საკონტროლო ველი |
20200109103559.0 |
| 008 - ფიქსირებული სიგრძის მონაცემთა ელემენტები - ზოგადი ინფორმაცია |
| ფიქსირებული სიგრძის საკონტროლო ველი |
181216s1969||||g |||||||||||||| ||g || |
| 040 ## - კატალოგიზაციის წყარო |
| Transcribing agency |
GE_BSU |
| 041 ## - ენის კოდი |
| Language code of text/sound track or separate title |
geo |
| 080 ## - უნივერსალური ათობითი კლასიფიკაციის ინდექსი |
| Universal Decimal Classification number |
82-93 გ-59 |
| 100 ## - მთავარი ჩანაწერი - პიროვნების სახელი |
| Personal name |
გოგიაშვილი, კუკური. |
| 9 (RLIN) |
6026 |
| 245 ## - ცნობა სათაურის შესახებ |
| Title |
ვიტვიტა და ბათურა : |
| Remainder of title |
ზღაპრები და იგავები / |
| Statement of responsibility, etc |
კუკური გოგიაშვილი ; რედ. ე. კუბლაშვილი ; მხატვ. ზ. მეზმარიაშვილი. |
| 264 ## - წარმოების, გამოცემის, დისტრიბუციის და სხვა ცნობები |
| გამოცემის, წარმოების, დისტრიბუციის... ადგილი |
თბილისი : |
| გამოცემის, წარმოების, დისტრიბუციის... სახელწოდება |
ნაკადული, |
| გამოცემის, წარმოების, დისტრიბუციის... თარიღი |
1969. |
| 300 ## - ფიზიკური აღწერა |
| Extent |
43 გვ. : |
| Other physical details |
ილ. ; |
| Dimensions |
21 სმ. |
| 653 ## - INDEX TERM--UNCONTROLLED |
| Uncontrolled term |
ვიტვიტა და ბათურა |
| 653 ## - INDEX TERM--UNCONTROLLED |
| Uncontrolled term |
ზღაპრები და იგავები |
| 700 ## - ADDED ENTRY--PERSONAL NAME |
| Personal name |
კუბლაშვილი, ე. |
| Relator term |
რედაქტორი |
| 9 (RLIN) |
6027 |
| 700 ## - ADDED ENTRY--PERSONAL NAME |
| Personal name |
მეზმარიაშვილი, ზ. |
| Relator term |
მხატვარი |
| 9 (RLIN) |
6028 |
| 942 ## - ADDED ENTRY ELEMENTS (KOHA) |
| Koha item type |
წიგნი |
| Source of classification or shelving scheme |
|